Energy futures and urban air pollution (Record no. 130596)
[ view plain ]
| 000 -LEADER | |
|---|---|
| fixed length control field | 02377nam a2200505 a 4500 |
| 245 10 - TITLE STATEMENT | |
| Title | Energy futures and urban air pollution |
| 260 ## - PUBLICATION, DISTRIBUTION, ETC. (IMPRINT) | |
| Place of publication | Washington, D.C. : |
| Name of publisher | National Academies Press, |
| Year of publication | c2008. |
| 300 ## - PHYSICAL DESCRIPTION | |
| Number of Pages | xix, 366 p. : |
| Other physical details | ill., maps. |
| 500 ## - GENERAL NOTE | |
| General note | "In collaboration with Chinese Academy of Engineering, Chinese Academy of Sciences." |
| 650 #0 - SUBJECT ADDED ENTRY--TOPICAL TERM | |
| Topical Term | Air |
| Topical Term | Air |
| Topical Term | Carbon dioxide |
| Topical Term | Carbon dioxide |
| Topical Term | Sulfur dioxide |
| Topical Term | Sulfur dioxide |
| Topical Term | Urban pollution |
| Topical Term | Urban pollution |
| Topical Term | Energy policy |
| Topical Term | Energy policy |
| 856 40 - ELECTRONIC LOCATION AND ACCESS | |
| Uniform Resource Identifier | http://site.ebrary.com/lib/rucke/Doc?id=10495454 |
No items available.
